[Event "Wintertime blues"]
[Site "SchemingMind.com"]
[Date "2024.02.28"]
[Round "-"]
[White "Clive Everill"]
[Black "Goz"]
[Result "1-0"]
[WhiteCountry "CZE"]
[BlackCountry "ENG"]
[WhiteElo "1681"]
[WhiteRD "55"]
[BlackElo "1433"]
[BlackRD "71"]
[GameID "742723"]

1. e4 e5 2. f4 exf4 3. Qf3 Qg5 4. Nh3 Qh4+ 5. g3 fxg3 6. hxg3 Qf6 7. Qd3 Bd6 8. Nc3 Ne7 9. Nb5 Qe5 10. Nxd6+ cxd6
11. c3 O-O 12. Qf3 d5 13. d3 dxe4 14. dxe4 Ng6 15. Be3 d6 16. Bd4 Qe7 17. O-O-O Be6 18. b3 b6 19. Bg2 Nd7 20. Kb2 Rab8
21. Qh5 f6 22. Nf4 Nxf4 23. Qxh7+ Kf7 24. gxf4 Bg4 25. Rde1 Qd8 26. Qh4 f5 27. exf5 Bxf5 28. Bd5+
1-0

[Event "Wintertime blues"]
[Site "SchemingMind.com"]
[Date "2024.02.28"]
[Round "-"]
[White "Goz"]
[Black "Clive Everill"]
[Result "0-1"]
[WhiteCountry "ENG"]
[BlackCountry "CZE"]
[WhiteElo "1433"]
[WhiteRD "71"]
[BlackElo "1681"]
[BlackRD "55"]
[GameID "742724"]

1. e4 e5 2. f4 c6 3. f5 Qh4+ 4. g3 Qxe4+ 5. Be2 Qxh1 6. Bf3 Qxg1+ 7. Ke2 Qxh2+ 8. Kf1 Qxg3 9. Qe2 Bc5 10. Qg2 Qxg2+
11. Bxg2 d5 12. Bh3 Nf6 13. d3 Nbd7 14. Bd2 O-O 15. Nc3 Nh5 16. Kg2 Ndf6 17. Rf1 Re8 18. Na4 Bd6 19. b4 b5 20. Nb2 Bb7
21. c3 e4 22. d4 e3 23. Bc1 a5 24. Nd3 axb4 25. cxb4 Rxa2+ 26. Kf3 e2 27. Re1 Bg3 28. Be3 Bxe1 29. Nxe1 Ne4 30. Bg4 Nhf6
31. Bh3 Rea8 32. Kf4 Nh5+ 33. Ke5 Re8#
0-1

[Event "Wintertime blues"]
[Site "SchemingMind.com"]
[Date "2024.02.28"]
[Round "-"]
[White "Clive Everill"]
[Black "kenneth m day"]
[Result "1-0"]
[WhiteCountry "CZE"]
[BlackCountry "USA"]
[WhiteElo "1681"]
[WhiteRD "55"]
[BlackElo "1646"]
[BlackRD "60"]
[GameID "742725"]

1. e4 e5 2. f4 d6 3. Nf3 exf4 4. d4 g5 5. h4 g4 6. Ng1 Be7 7. Bxf4 Nf6 8. Bd3 Nc6 9. c3 Bd7 10. Nd2 h5
11. Qb3 b6 12. Ne2 Na5 13. Qc2 Nc6 14. O-O-O a6 15. e5 dxe5 16. dxe5 Nd5 17. Bg3 Ne3 18. Qb1 Nxd1 19. Rxd1 Be6 20. Bc4 Qc8
21. Bxe6 Qxe6 22. Qe4 O-O-O 23. Kb1 Rd7 24. Nf4 Qd5 25. Nxd5
1-0

[Event "Wintertime blues"]
[Site "SchemingMind.com"]
[Date "2024.02.28"]
[Round "-"]
[White "kenneth m day"]
[Black "Clive Everill"]
[Result "0-1"]
[WhiteCountry "USA"]
[BlackCountry "CZE"]
[WhiteElo "1611"]
[WhiteRD "61"]
[BlackElo "1709"]
[BlackRD "57"]
[GameID "742726"]

1. e4 e5 2. f4 f5 3. exf5 Qf6 4. d3 Qxf5 5. Nf3 exf4 6. Be2 d6 7. O-O g5 8. Nc3 Nc6 9. Bd2 Be7 10. d4 Bd7
11. Bd3 Qf7 12. Qe2 O-O-O 13. Qf2 Kb8 14. a3 Nh6 15. h3 Bf6 16. d5 Ne5 17. Nxe5 dxe5 18. Rae1 Bf5 19. Bxf5 Nxf5 20. Rd1 b6
21. h4 Nxh4 22. Qe2 Kb7 23. Ne4 Be7 24. Bc3 Ng6 25. Qc4 Kb8 26. Qb5 h5 27. Rf3 g4 28. Rfd3 Bd6 29. Nxd6 cxd6 30. a4 Ka8
31. Qc6+ Kb8 32. Bb4 Qd7 33. Qxd7 Rxd7 34. Rc3 Rhd8 35. Rcd3 e4 36. Rd4 e3 37. Be1 Re8 38. c4 f3 39. gxf3 gxf3
0-1

[Event "Wintertime blues"]
[Site "SchemingMind.com"]
[Date "2024.03.15"]
[Round "-"]
[White "Kenny Elliott"]
[Black "David Hartley"]
[Result "1-0"]
[WhiteCountry "USA"]
[BlackCountry "ENG"]
[WhiteElo "1539"]
[WhiteRD "74"]
[BlackElo "1649"]
[BlackRD "74"]
[GameID "742985"]

1. e4 e5 2. f4 exf4 3. Nf3 Be7 4. d4 d6 5. Bxf4 Nf6 6. Nc3 O-O 7. Bc4 Bg4 8. Qd3 a6 9. h3 Bd7 10. O-O-O Be8
11. g4 Nfd7 12. h4 Kh8 13. h5 Nb6 14. h6 g6 15. Nd5 Nxd5 16. Bxd5 c6 17. Bb3 Nd7 18. e5 dxe5 19. dxe5 Nc5 20. Qc3 Qb6
21. e6+ f6 22. g5 Nxb3+ 23. axb3 Qa7 24. Bd6 b6 25. Bxe7 Qxe7 26. Rhe1 c5 27. b4 cxb4 28. Qd4 Bc6 29. gxf6 Rxf6 30. Ne5 Bb5
31. Nf7+ Kg8 32. Qxb6 Re8 33. Ng5 Qf8 34. Nf7 Re7 35. Rd8 Re8 36. Qd4 Rxd8 37. Qxf6
1-0

[Event "Wintertime blues"]
[Site "SchemingMind.com"]
[Date "2024.03.15"]
[Round "-"]
[White "David Hartley"]
[Black "Kenny Elliott"]
[Result "1-0"]
[WhiteCountry "ENG"]
[BlackCountry "USA"]
[WhiteElo "1691"]
[WhiteRD "75"]
[BlackElo "1507"]
[BlackRD "77"]
[GameID "742986"]

1. e4 e5 2. f4 d6 3. Nf3 Nf6 4. Nc3 Nc6 5. d3 Bg4 6. Be2 Bxf3 7. Bxf3 Be7 8. O-O O-O 9. f5 a6 10. Be3 Qe8
11. Nd5 Nxd5 12. exd5 Nd4 13. Bxd4 exd4 14. Be4 Rb8 15. Re1 f6 16. Qg4 Qb5 17. b3 Qb4 18. Qe2 Qc5 19. Qd2 c6 20. dxc6 d5
21. Bxd5+ Kh8 22. Bf3 bxc6 23. Re6 Bd6 24. Re2 Be5 25. Kh1 Qd6 26. Be4 c5 27. g3 Qc7 28. a4= a5 29. Rf1 Qd8 30. Kg2 Rf7
31. Ree1 Ra7 32. Rf3 Qg8 33. g4 g5 34. fxg6 Qe6 35. h3 Kg7 36. gxh7 Kh8 37. Ref1 Rf8 38. Rf5 Rxh7 39. Qxa5 Qc8 40. Qe1 Rg7
41. Rh5+ Kg8 42. Qh4 Kf7 43. Rxe5 Rh8 44. Qxf6+ Kg8 45. Bd5+
1-0

[Event "Wintertime blues"]
[Site "SchemingMind.com"]
[Date "2024.03.15"]
[Round "-"]
[White "pawngrabber"]
[Black "David Hartley"]
[Result "0-1"]
[WhiteCountry "ENG"]
[BlackCountry "ENG"]
[WhiteElo "1804"]
[WhiteRD "61"]
[BlackElo "1717"]
[BlackRD "73"]
[GameID "742987"]

1. e4 e5 2. f4 exf4 3. Nf3 Be7 4. d4 Bh4+ 5. g3 fxg3 6. Bg2 gxh2+ 7. Nxh4 Qxh4+ 8. Kf1 Qf6+ 9. Qf3 Qxd4 10. c3 Qc4+
11. Qe2 Qxe2+ 12. Kxe2 Nc6 13. Bf4 d6 14. Rxh2 Bg4+ 15. Kf2 O-O-O 16. Nd2 Nge7 17. Re1 h6 18. Rhh1 Bd7 19. Ke2 Ng6 20. Be3 Kb8
21. Kd1 Nge5 22. Bf1 Ng4 23. Bg1 Rhe8 24. Bd3 Be6 25. b3 d5 26. exd5 Bxd5 27. Rxe8 Rxe8
0-1

[Event "Wintertime blues"]
[Site "SchemingMind.com"]
[Date "2024.03.15"]
[Round "-"]
[White "David Hartley"]
[Black "pawngrabber"]
[Result "0-1"]
[WhiteCountry "ENG"]
[BlackCountry "ENG"]
[WhiteElo "1717"]
[WhiteRD "73"]
[BlackElo "1804"]
[BlackRD "61"]
[GameID "742988"]

1. e4 e5 2. f4 exf4 3. Nf3 d6 4. d4 Nf6 5. Nc3 Bg4 6. Bxf4 Be7 7. Be2 O-O 8. O-O Nc6 9. a3 a6 10. e5 dxe5
11. Nxe5 Bxe2 12. Nxe2 Nxe5 13. Bxe5 Qd7 14. c3 Ng4 15. Bf4 Bd6 16. Qd2 Rae8 17. Ng3 Nf6 18. Bxd6 Qxd6 19. Rae1 a5 20. Re2 Rxe2
21. Qxe2 Re8 22. Qf2 Re7 23. Re1 Ng4 24. Qd2 Re6 25. Rxe6 Qxe6 26. b4 axb4 27. axb4 Qe3+
0-1

[Event "Wintertime blues"]
[Site "SchemingMind.com"]
[Date "2024.03.15"]
[Round "-"]
[White "David Hartley"]
[Black "Clive Everill"]
[Result "0-1"]
[WhiteCountry "ENG"]
[BlackCountry "CZE"]
[WhiteElo "1717"]
[WhiteRD "73"]
[BlackElo "1681"]
[BlackRD "55"]
[GameID "742989"]

1. e4 e5 2. f4 c6 3. d3 exf4 4. Bxf4 d5 5. exd5 cxd5 6. Nf3 Nf6 7. d4 Bg4 8. Be2 Nc6 9. h3 Bd7 10. Nc3 Bb4
11. Bd2 O-O 12. O-O Qc8 13. a3 Ba5 14. b4 Bc7 15. Be3 Bxh3 16. gxh3 Qxh3 17. Rf2 Ng4 18. Qf1 Qxf1+ 19. Rfxf1 Nxe3 20. Rfc1 Bf4
21. Ra2 Nf5 22. Rd1 Be3+ 23. Kg2 Ncxd4 24. Nxd4 Bxd4 25. Rd3 Bxc3 26. Bg4 Nh4+ 27. Kh3 Bf6
0-1

[Event "Wintertime blues"]
[Site "SchemingMind.com"]
[Date "2024.03.15"]
[Round "-"]
[White "Clive Everill"]
[Black "David Hartley"]
[Result "0-1"]
[WhiteCountry "CZE"]
[BlackCountry "ENG"]
[WhiteElo "1681"]
[WhiteRD "58"]
[BlackElo "1691"]
[BlackRD "75"]
[GameID "742990"]

1. e4 e5 2. f4 exf4 3. Nf3 Be7 4. Bc4 d6 5. c3 Nf6 6. d3 O-O 7. Qb3 h6 8. Bxf4 Nc6 9. Bb5 Bd7 10. Qc2 a6
11. Ba4 Re8 12. O-O Na5 13. Bxd7 Qxd7 14. Nbd2 Nc6 15. d4 Bf8 16. Rae1 Re7 17. Nc4 Rae8 18. e5 dxe5 19. dxe5 Nh7 20. Bg3 b5
21. Rd1 Qc8 22. Ncd2 g6 23. Ne4 Bg7 24. Qb3 Nxe5 25. Ned2 Kh8 26. Nd4 c5 27. N4f3 c4 28. Qc2 Nxf3+ 29. Nxf3 Nf6 30. Rfe1 Rxe1+
31. Rxe1 Rxe1+ 32. Nxe1 Qe6 33. Qd2 Kh7 34. Bh4 Ne4 35. Qe2 g5 36. Bf2 Nxf2 37. Qxf2 Bf6 38. Nf3 Bd8 39. Kf1 Bb6 40. Qc2+ Kg7
41. h3 Qe3 42. Qd2 Qe6 43. Nh2 Qe5 44. Nf3 Qc5 45. Nd4 Qd5 46. Nf3 Qe6 47. Qe2 Kf6 48. Nh2 Qd6 49. Ng4+ Kg7 50. Ne5 Bc7
51. Ng4 Kg6 52. Qf2 Bb6 53. Qf3 f5 54. Ne3 Qd3+ 55. Kf2 Qd2+ 56. Qe2 Bxe3+ 57. Kf3 Qxe2+ 58. Kxe2 Bf4 59. b3 Kf6 60. bxc4 bxc4
61. Kd1 Ke5 62. Ke2 Ke4 63. g4 fxg4 64. hxg4 Be5
0-1

[Event "Wintertime blues"]
[Site "SchemingMind.com"]
[Date "2024.03.15"]
[Round "-"]
[White "David Hartley"]
[Black "Phillip Beckett"]
[Result "1-0"]
[WhiteCountry "ENG"]
[BlackCountry "ENG"]
[WhiteElo "1717"]
[WhiteRD "73"]
[BlackElo "1450"]
[BlackRD "54"]
[GameID "742991"]

1. e4 e5 2. f4 Qh4+ 3. g3 Qe7 4. d3 exf4 5. Bxf4 d5 6. Nc3 c6 7. Qe2 dxe4 8. Qxe4 Nf6 9. Qxe7+ Bxe7 10. O-O-O Bg4
11. Re1 Nbd7 12. Bd6 Be6 13. Bxe7 Kxe7 14. Bh3 Rhe8 15. Nf3 Kf8 16. Bxe6 Rxe6 17. Rxe6 fxe6 18. Rf1 Ke7 19. Re1 Re8 20. Ne4 Nxe4
21. Rxe4 h6 22. Kd2= Nf6 23. Re2 Kd7 24. c3 Kd6 25. d4 g5 26. Kd3 Nd5 27. Ne5 Nf6 28. Nf7+ Ke7 29. Nxh6 g4 30. Nf5+ Kf7
31. Nd6+
1-0

[Event "Wintertime blues"]
[Site "SchemingMind.com"]
[Date "2024.03.15"]
[Round "-"]
[White "Phillip Beckett"]
[Black "David Hartley"]
[Result "0-1"]
[WhiteCountry "ENG"]
[BlackCountry "ENG"]
[WhiteElo "1450"]
[WhiteRD "54"]
[BlackElo "1717"]
[BlackRD "73"]
[GameID "742992"]

1. e4 e5 2. f4 exf4 3. Nf3 Be7 4. Bc4 Nf6 5. e5 Ng4 6. d4 d5 7. exd6 Qxd6 8. O-O Nc6 9. Re1 O-O 10. c3 h6
11. Qb3 Na5 12. Qa4 Nxc4 13. Qxc4 Be6 14. Qe2 Rfe8 15. h3 Nf6 16. Ne5 Qb6 17. Nd2 Bd6 18. Ne4 Bxe5 19. Nxf6+ Bxf6 20. Qf2 Bh4
21. Qxh4 Bd5 22. Bxf4 c6 23. Rxe8+ Rxe8 24. Re1 Rxe1+ 25. Qxe1 Qxb2 26. Qe8+ Kh7 27. Qe3 Qxg2#
0-1

[Event "Wintertime blues"]
[Site "SchemingMind.com"]
[Date "2024.03.15"]
[Round "-"]
[White "David Hartley"]
[Black "Goz"]
[Result "1-0"]
[WhiteCountry "ENG"]
[BlackCountry "ENG"]
[WhiteElo "1691"]
[WhiteRD "75"]
[BlackElo "1435"]
[BlackRD "77"]
[GameID "742993"]

1. e4 e5 2. f4 exf4 3. Nf3 Bc5 4. d4 Bb6 5. Bxf4 Nf6 6. Nc3 O-O 7. Bc4 d6 8. O-O c5 9. d5 Ng4 10. h3 Nf6
11. Kh1 Nbd7 12. Bxd6 Re8 13. Re1 Nf8 14. Bg3 Nh5 15. Bh2 Ng6 16. Rf1 Nhf4 17. Qd2 Bc7 18. Ne2 Nxe2 19. Qxe2 Bxh2 20. Kxh2 Nf4
21. Qe3 Qc7 22. Kh1 h6 23. Nd2 g5 24. Qg3 Qe5 25. c3 a6 26. Rf3 b5 27. Bb3 c4 28. Bc2 Qg7 29. Re1 f5 30. exf5 Rxe1+
31. Qxe1 Nxd5 32. Be4 Bb7 33. Qf2 Qf6 34. Qf1 Rb8 35. g4 Nf4 36. Qd1 Nd3 37. b3 cxb3 38. Rxd3 bxa2 39. Qa1 b4 40. Qxa2+ Kf8
41. cxb4 Bxe4+ 42. Nxe4 Qe5 43. Nc5 Qe1+ 44. Kg2 Rxb4 45. Rd8+ Ke7 46. Rd7+ Kf6 47. Qf7+
1-0

[Event "Wintertime blues"]
[Site "SchemingMind.com"]
[Date "2024.03.15"]
[Round "-"]
[White "Goz"]
[Black "David Hartley"]
[Result "0-1"]
[WhiteCountry "ENG"]
[BlackCountry "ENG"]
[WhiteElo "1433"]
[WhiteRD "71"]
[BlackElo "1717"]
[BlackRD "73"]
[GameID "742994"]

1. e4 e5 2. f4 exf4 3. Nf3 Be7 4. d4 Bh4+ 5. Kd2 d6 6. Be2 Nf6 7. Kd3 Ng4 8. Qd2 Nf2+ 9. Kc3 Nxe4+ 10. Kd3 Nxd2
11. Bxd2 Bf5+ 12. Kc3 Bf6 13. Bxf4 O-O 14. Bd3 Bxd3 15. Kxd3 Nc6 16. c3 Re8 17. Nbd2 Qd7 18. Ne4 Qf5 19. Bg3 Qxe4+ 20. Kc4 Ne5+
21. Bxe5 dxe5 22. Rhe1 Qc6+ 23. Kb3 exd4 24. cxd4 Rad8 25. Rac1 Qb6+ 26. Kc2 Rxe1 27. Rxe1 Bxd4 28. Nxd4 Qxd4
0-1

[Event "Wintertime blues"]
[Site "SchemingMind.com"]
[Date "2024.03.15"]
[Round "-"]
[White "David Hartley"]
[Black "kenneth m day"]
[Result "1-0"]
[WhiteCountry "ENG"]
[BlackCountry "USA"]
[WhiteElo "1714"]
[WhiteRD "73"]
[BlackElo "1594"]
[BlackRD "66"]
[GameID "742995"]

1. e4 e5 2. f4 d6 3. Nf3 Nc6 4. d3 Nf6 5. Nc3 Be7 6. Be2 O-O 7. O-O Bg4 8. Be3 exf4 9. Bxf4 Re8 10. Be3 h6
11. a3 Bd7 12. Qd2 Ne5 13. Nxe5 dxe5 14. h3 Be6 15. Rf3 c6 16. Rg3 Kh7 17. Rf3 b6 18. Rff1 Ng8 19. Nd1 Rf8 20. Nf2 f5
21. exf5 Bxf5 22. Rae1 Bh4 23. Rd1 Qf6 24. Qc3 Ne7 25. Ng4 Qe6 26. Qd2 Ng8 27. Bf2 Bg5 28. Qe1 Nf6 29. Nxf6+ gxf6 30. Kh2 Rg8
31. Bg3 Be3 32. d4 Bxd4 33. Rxf5 Rad8 34. Bd3 Kg7 35. b3 Kf7 36. Bc4
1-0

[Event "Wintertime blues"]
[Site "SchemingMind.com"]
[Date "2024.03.15"]
[Round "-"]
[White "kenneth m day"]
[Black "David Hartley"]
[Result "0-1"]
[WhiteCountry "USA"]
[BlackCountry "ENG"]
[WhiteElo "1594"]
[WhiteRD "66"]
[BlackElo "1714"]
[BlackRD "73"]
[GameID "742996"]

1. e4 e5 2. f4 exf4 3. Nf3 Be7 4. d4 d6 5. Bxf4 Bg4 6. Be2 Nf6 7. Nbd2 Nbd7 8. O-O O-O 9. h3 Bh5 10. g4 Bg6
11. Bd3 Nb6 12. Qe2 Nfd7 13. Rad1 f6 14. Qe3 d5 15. e5 Bxd3 16. Qxd3 fxe5 17. Bxe5 h6 18. Bf4 Rxf4 19. Kg2 Qf8 20. Rde1 Bd6
21. Nh4 Rxf1 22. Rxf1 Qd8 23. Nf5 Be7 24. Re1 Bf6 25. Ne3 Bg5 26. Nf5 g6 27. Ne3 Qf6 28. Re2 Rf8 29. c3 Bxe3 30. Qxe3 c6
31. b3 Kg7 32. Nf3 Qf7 33. Rf2 Qe8 34. Qd3 Rf7 35. Kg3 Nf6 36. Ne5 Re7 37. h4 Ne4+
0-1

[Event "Wintertime blues"]
[Site "SchemingMind.com"]
[Date "2024.04.02"]
[Round "-"]
[White "Kenny Elliott"]
[Black "Eggchaser"]
[Result "0-1"]
[WhiteCountry "USA"]
[BlackCountry "JPN"]
[WhiteElo "1493"]
[WhiteRD "73"]
[BlackElo "1520"]
[BlackRD "68"]
[GameID "743516"]

1. e4 e5 2. f4 exf4 3. Nf3 d5 4. exd5 Nf6 5. Bc4 Nxd5 6. Qe2+ Be7 7. Ng5 c6 8. d3 O-O 9. Nf3 Bh4+ 10. Nxh4 Qxh4+
11. Kd2 Ne3 12. Nc3 Bg4 13. Qe1 Nxc4+ 14. dxc4 Rd8+ 15. Nd5 Qxe1+ 16. Rxe1 cxd5 17. cxd5 Rxd5+ 18. Kc3 Be6 19. Bxf4 Na6 20. b3 Rc8+
21. Kb2 Nb4 22. Rac1 Rdc5 23. Re2 h6 24. Be3 R5c6 25. Bxa7 Nd3+ 26. cxd3 Rxc1 27. Be3 R1c3 28. Rd2 Bf5 29. Bd4 Rxd3 30. Rxd3 Bxd3
0-1

[Event "Wintertime blues"]
[Site "SchemingMind.com"]
[Date "2024.04.01"]
[Round "-"]
[White "pawngrabber"]
[Black "Eggchaser"]
[Result "1-0"]
[WhiteCountry "ENG"]
[BlackCountry "JPN"]
[WhiteElo "1804"]
[WhiteRD "61"]
[BlackElo "1520"]
[BlackRD "68"]
[GameID "743518"]

1. e4 e5 2. f4 exf4 3. Nf3 d6 4. Bc4 h6 5. d4 g5 6. b3 Bg7 7. Bb2 Nc6 8. O-O Bd7 9. Nc3 Nf6 10. Nd5 O-O
11. Nxf6+ Bxf6 12. Qc1 Re8 13. Re1 a6 14. e5 dxe5 15. dxe5 Bg7 16. a4 Bg4 17. Rd1 Qc8 18. Qd2 Bxf3 19. gxf3 Nxe5 20. Bxe5 Bxe5
21. Rab1 Qd8 22. Qg2 Qf6 23. Rd7 Rf8 24. Rbd1 Bd6 25. Qh3 Kg7 26. Re1 Rad8 27. Re6 Qd4+ 28. Kh1 Rxd7 29. Qxh6+
1-0

[Event "Wintertime blues"]
[Site "SchemingMind.com"]
[Date "2024.04.01"]
[Round "-"]
[White "Eggchaser"]
[Black "pawngrabber"]
[Result "0-1"]
[WhiteCountry "JPN"]
[BlackCountry "ENG"]
[WhiteElo "1520"]
[WhiteRD "68"]
[BlackElo "1804"]
[BlackRD "61"]
[GameID "743519"]

1. e4 e5 2. f4 exf4 3. Nf3 d6 4. d4 Bg4 5. Bxf4 Nc6 6. Be3 Nf6 7. Nc3 Be7 8. Be2 O-O 9. O-O a6 10. h3 Bxf3
11. Bxf3 Qe8 12. Qd2 Rb8 13. a3 Na5 14. b3 c5 15. Ne2 cxd4 16. Bxd4 Nc6 17. Bb6 Ne5 18. Bc7 Rc8 19. Qa5 Qc6
0-1

[Event "Wintertime blues"]
[Site "SchemingMind.com"]
[Date "2024.04.05"]
[Round "-"]
[White "David Hartley"]
[Black "Eggchaser"]
[Result "1-0"]
[WhiteCountry "ENG"]
[BlackCountry "JPN"]
[WhiteElo "1717"]
[WhiteRD "73"]
[BlackElo "1520"]
[BlackRD "68"]
[GameID "743520"]

1. e4 e5 2. f4 exf4 3. Nf3 d6 4. d4 g5 5. h4 g4 6. Ng1 f5 7. Nc3 Bh6 8. Bd3 Nc6 9. exf5 Nxd4 10. Nce2 Qf6
11. Nxd4
1-0

[Event "Wintertime blues"]
[Site "SchemingMind.com"]
[Date "2024.04.05"]
[Round "-"]
[White "Eggchaser"]
[Black "David Hartley"]
[Result "0-1"]
[WhiteCountry "JPN"]
[BlackCountry "ENG"]
[WhiteElo "1520"]
[WhiteRD "68"]
[BlackElo "1717"]
[BlackRD "73"]
[GameID "743521"]

1. e4 e5 2. f4 exf4 3. Nf3 Be7 4. Bc4 Nf6 5. d3 d6 6. Bxf4 Nc6 7. Nc3 h6 8. O-O Bg4 9. h3 Bh5 10. Qd2 Bg6
11. Nh4 Bh7 12. Rae1 O-O 13. a3 Nxe4 14. Nxe4 Bxh4 15. g3 Be7 16. Bxh6 gxh6 17. Qxh6 d5
0-1

[Event "Wintertime blues"]
[Site "SchemingMind.com"]
[Date "2024.04.02"]
[Round "-"]
[White "Clive Everill"]
[Black "Eggchaser"]
[Result "1-0"]
[WhiteCountry "CZE"]
[BlackCountry "JPN"]
[WhiteElo "1681"]
[WhiteRD "55"]
[BlackElo "1520"]
[BlackRD "68"]
[GameID "743522"]

1. e4 e5 2. f4 exf4 3. Nf3 d5 4. exd5 Nf6 5. Bc4 Nxd5 6. O-O Be7 7. d4 O-O 8. Bxd5 Qxd5 9. Bxf4 c6 10. Nc3 Qa5
11. Qe1 Bb4 12. Bd2 Nd7 13. a3 Bd6 14. Ne4 Qc7 15. Nxd6 Qxd6 16. Bb4 c5 17. dxc5 Nxc5 18. Rd1 Qb6 19. Kh1 Bg4 20. Qe5 Ne6
21. Bxf8
1-0

[Event "Wintertime blues"]
[Site "SchemingMind.com"]
[Date "2024.04.02"]
[Round "-"]
[White "Eggchaser"]
[Black "Clive Everill"]
[Result "0-1"]
[WhiteCountry "JPN"]
[BlackCountry "CZE"]
[WhiteElo "1520"]
[WhiteRD "68"]
[BlackElo "1681"]
[BlackRD "55"]
[GameID "743523"]

1. e4 e5 2. f4 exf4 3. Nf3 Ne7 4. d4 d5 5. Nc3 dxe4 6. Nxe4 Nd5 7. Qd3 Bg4 8. Bd2 Nc6 9. a3 Be7 10. c4 Bxf3
11. gxf3 Ne3 12. Bxe3 fxe3 13. O-O-O Bg5 14. Nxg5 Qxg5 15. Kc2 O-O-O 16. Bh3+ Kb8 17. d5 Ne5 18. Qe4 Qf6 19. f4 Nd7 20. Bxd7 Rxd7
21. Qxe3 Re7 22. Qg3 Re2+
0-1

[Event "Wintertime blues"]
[Site "SchemingMind.com"]
[Date "2024.04.01"]
[Round "-"]
[White "Phillip Beckett"]
[Black "Eggchaser"]
[Result "0-1"]
[WhiteCountry "ENG"]
[BlackCountry "JPN"]
[WhiteElo "1450"]
[WhiteRD "54"]
[BlackElo "1520"]
[BlackRD "68"]
[GameID "743524"]

1. e4 e5 2. f4 exf4 3. Nf3 d5 4. exd5 Nf6 5. Bb5+ c6 6. dxc6 Nxc6 7. O-O Bc5+ 8. Kh1 O-O 9. Bxc6 bxc6 10. d4 Bd6
11. c3 Re8 12. Nbd2 Ba6 13. Nb3 Bxf1 14. Qxf1 Nd5 15. Bd2 Ne3 16. Bxe3 fxe3 17. Qe2 Bf4 18. Rf1 Bh6 19. h3 a5 20. g4 f6
21. h4 g6 22. g5 fxg5 23. hxg5 Bxg5 24. Nxg5 Qxg5 25. Nc5 Rf8 26. Ne4 Rxf1+ 27. Qxf1 Qh4+
0-1

[Event "Wintertime blues"]
[Site "SchemingMind.com"]
[Date "2024.04.02"]
[Round "-"]
[White "Eggchaser"]
[Black "Phillip Beckett"]
[Result "1-0"]
[WhiteCountry "JPN"]
[BlackCountry "ENG"]
[WhiteElo "1520"]
[WhiteRD "68"]
[BlackElo "1450"]
[BlackRD "54"]
[GameID "743525"]

1. e4 e5 2. f4 Qh4+ 3. g3 Qe7 4. fxe5 d6 5. Bg2 Qxe5 6. d4 Qe7 7. Nc3 c6 8. Qe2 Nf6 9. Bg5 h6 10. Bxf6 Qxf6
11. O-O-O Be7 12. Nf3 O-O 13. Rhf1 Qg6 14. Kb1 Bg4 15. Qf2 Nd7 16. h3 Bxf3 17. Bxf3 Nf6 18. Rde1 Rad8 19. g4 Nh7 20. Ne2 Ng5
21. Nf4 Qf6 22. Bg2 b5 23. e5 dxe5 24. dxe5 Rd1+ 25. Rxd1 Qxe5 26. Rfe1 Qc5 27. Qxc5 Bxc5 28. Bxc6
1-0

[Event "Wintertime blues"]
[Site "SchemingMind.com"]
[Date "2024.04.01"]
[Round "-"]
[White "Goz"]
[Black "Eggchaser"]
[Result "0-1"]
[WhiteCountry "ENG"]
[BlackCountry "JPN"]
[WhiteElo "1433"]
[WhiteRD "71"]
[BlackElo "1520"]
[BlackRD "68"]
[GameID "743526"]

1. e4 e5 2. f4 exf4 3. Nf3 d5 4. d3 dxe4 5. dxe4 Qxd1+ 6. Kxd1 Nf6 7. Bd3 Nh5 8. Nbd2 Nc6 9. Nc4 Bg4 10. Bd2 O-O-O
11. Kc1 Bxf3 12. gxf3 f6 13. b3 Bc5 14. c3 Rxd3 15. Rf1 Ne5 16. Nxe5 fxe5 17. b4 Bb6 18. a4 a5 19. Rf2 Bxf2 20. b5 b6
21. c4 Rhd8 22. Ra2 Be3 23. Bxe3 fxe3
0-1

[Event "Wintertime blues"]
[Site "SchemingMind.com"]
[Date "2024.04.03"]
[Round "-"]
[White "kenneth m day"]
[Black "Eggchaser"]
[Result "1-0"]
[WhiteCountry "USA"]
[BlackCountry "JPN"]
[WhiteElo "1611"]
[WhiteRD "61"]
[BlackElo "1505"]
[BlackRD "72"]
[GameID "743528"]

1. e4 e5 2. f4 exf4 3. Nf3 d6 4. d4 g5 5. g3 g4 6. Nh4 f3 7. Nc3 h5 8. Bd3 Be7 9. Bf4 Bxh4 10. gxh4 Qxh4+
11. Bg3 Qe7 12. Qd2 Nc6 13. Qe3 Nf6 14. O-O-O Bd7 15. e5 dxe5 16. dxe5 Nh7 17. Rhe1 O-O-O 18. Nd5
1-0

[Event "Wintertime blues"]
[Site "SchemingMind.com"]
[Date "2024.04.04"]
[Round "-"]
[White "Eggchaser"]
[Black "kenneth m day"]
[Result "0-1"]
[WhiteCountry "JPN"]
[BlackCountry "USA"]
[WhiteElo "1506"]
[WhiteRD "76"]
[BlackElo "1623"]
[BlackRD "63"]
[GameID "743529"]

1. e4 e5 2. f4 exf4 3. Nf3 d6 4. d4 Be7 5. Bxf4 Nf6 6. Nc3 O-O 7. Be2 Re8 8. O-O Bg4 9. Qd3 Nc6 10. a3 Bf8
11. h3 Bd7 12. Rad1 h6 13. Rfe1 Rc8 14. Bf1 Re7 15. Rd2 Qe8 16. Rde2 Rd8 17. Nd5 Nxd5 18. exd5 Nb8 19. Rxe7 Bxe7 20. c3 Qf8
21. Qd2 Re8 22. Re2 Bf6 23. Rxe8 Qxe8 24. Qe2 Qxe2 25. Bxe2 Bf5 26. Nd2 Nd7 27. Bd1 Nf8 28. Nc4 Ng6 29. Bc1 Be4 30. Ne3 Bg5
31. Bb3 Ne7 32. Kf2 Nf5 33. g4 Nxe3 34. Bxe3 Bh4+ 35. Ke2 Bg2
0-1

[Event "Wintertime blues"]
[Site "SchemingMind.com"]
[Date "2024.04.06"]
[Round "-"]
[White "Kenny Elliott"]
[Black "pmdpsp"]
[Result "1-0"]
[WhiteCountry "USA"]
[BlackCountry "GER"]
[WhiteElo "1493"]
[WhiteRD "73"]
[BlackElo "1653"]
[BlackRD "73"]
[GameID "743629"]

1. e4 e5 2. f4 exf4 3. Nf3 g5 4. h3 Nc6 5. d4 d6 6. Bb5 Bd7 7. Bxc6 Bxc6 8. d5 Bb5 9. Nc3 Ba6 10. Qd4 f6
11. Rg1 Bg7 12. e5 fxe5 13. Qe4 Qf6 14. Qa4+ Kf7 15. Qd7+ Qe7 16. Qf5+ Bf6 17. Nxg5+ Ke8 18. Ne6 Nh6 19. Qh5+ Nf7 20. Ne4 Bh4+
21. g3 fxg3 22. Nxg3 Rg8 23. Qf3 Ng5 24. Qh5+ Kd7 25. Bxg5 Bxg5 26. Nxg5 Rxg5 27. Qh4 Rf8 28. O-O-O Rf4 29. Qh6 e4 30. h4 Rxg3
31. Qxf4 Rxg1 32. Rxg1 Bc4 33. Qf5+
1-0

[Event "Wintertime blues"]
[Site "SchemingMind.com"]
[Date "2024.04.06"]
[Round "-"]
[White "pmdpsp"]
[Black "Kenny Elliott"]
[Result "0-1"]
[WhiteCountry "GER"]
[BlackCountry "USA"]
[WhiteElo "1670"]
[WhiteRD "71"]
[BlackElo "1539"]
[BlackRD "74"]
[GameID "743630"]

1. e4 e5 2. f4 Nf6 3. Nf3 d6 4. fxe5 dxe5 5. Nc3 Nc6 6. Bb5 Bd7 7. O-O Nd4 8. Bxd7+ Qxd7 9. Nxe5 Qe6 10. Nf3 Nxf3+
11. Qxf3 Be7 12. d4 Qb6 13. Kh1 O-O 14. Ne2 c6 15. c4 Rad8 16. e5 c5 17. d5 Ne8 18. Qg3 Kh8 19. d6 Nxd6 20. exd6 Bxd6
21. Qc3 f6 22. Rb1 Rfe8 23. Nf4 Bxf4 24. Bxf4 Rd4 25. b4 Ree4 26. bxc5 Qxc5 27. Rxb7 h6 28. Rc7 Qf5 29. Qc1 Rxf4 30. Kg1 Rxf1+
31. Qxf1 Rf4 32. Qc1 Kh7 33. c5 Qe5 34. Rxa7 Qd4+ 35. Kh1 Rf5 36. c6 Qxa7 37. c7 Qxc7
0-1